LEADER 01509nam--2200433---450- 001 990000497820203316 005 20100706115709.0 010 $a88-13-17563-9 035 $a0049782 035 $aUSA010049782 035 $a(ALEPH)000049782USA01 035 $a0049782 100 $a20010608d1994----km-y0itay0103----ba 101 $aita 102 $aIT 105 $a||||||||001yy 200 1 $aConcorrenza e mercato$ecommento alla legge 10 ottobre 1990 n.287 e al decreto legislativo 25 gennaio 1992 n.74$fa cura di Vittorio Afferni$gcon i contributi di Maria Cleme Bartesaghi...[et al.] 210 $aPadova$cCEDAM$d1994 215 $aXVIII, 769 p.$d22 cm 225 2 $aBiblioteca giuridica$v7 410 $12001$aBiblioteca giuridica$v7 461 1$1001-------$12001 676 $a343.4507 702 1$aAFFERNI,$bVittorio 702 1$aBARTESAGHI,$bMaria Cleme 801 0$aIT$bsalbc$gISBD 912 $a990000497820203316 951 $aCOLL HQU 7$b3535 G$cCOLL HQU 951 $aXXX.A. Coll. 138/ 9 (COLL HQU 7)$b9356 G$cXXX.A. Coll. 138/ 9 (COLL HQU)$d00273171 951 $aXXX.A. Coll. 138/ 9a (COLL HQU 7)$b9357 G$cXXX.A. Coll. 138/ 9a (COLL HQU)$d00273172 959 $aBK 969 $aGIU 979 $aPATTY$b90$c20010608$lUSA01$h1522 979 $aPATTY$b90$c20010608$lUSA01$h1525 979 $c20020403$lUSA01$h1658 979 $aPATRY$b90$c20040406$lUSA01$h1634 979 $aRSIAV4$b90$c20100706$lUSA01$h1157 996 $aConcorrenza e mercato$957384 997 $aUNISA LEADER 00911nam2 22002531i 450 001 UON00265440 005 20231205103732.149 010 $a88-85962-81-5 100 $a20050630d2003 |0itac50 ba 101 $aita 102 $aIT 105 $a|||| ||||| 200 1 $aAntichita'$fa cura di Giuseppe M. Della Fina - Ponte San Giovanni, Perugia$eQuattroemme, c2003 210 $a402 p.$cill. ; 30 cm 461 1$1001UON00262884$12001 $aStoria di Orvieto$1210 $aPonte San Giovanni, Perugia$cQuattroemme$dc2003- $1215 $av.$d30 cm$v1 606 $aORVIETO$xStoria$xAntichità$3UONC056746$2FI 620 $dPonte San Giovanni(Perugia)$3UONL002528 676 $a945.65$cStoria d'Italia. Umbria.$v21 702 1$aDELLA_FINA$bGiuseppe Maria$3UONV067320 712 $aQuattroemme$3UONV259732$4650 801 $aIT$bSOL$c20240220$gRICA 912 $aUON00265440 996 $aAntichità$963335 997 $aUNIOR